Question |
Answer |
Wrong Answers |
|
Charizard | | 80.1% |
Charmander | | 6.7% |
Charitail | | 1.6% |
Nidhog | | 6.8% |
|
|
Squirtle | | 78.8% |
Blastoise | | 2.7% |
Big Squirt | | 5.4% |
That Turtle | | 7.6% |
|
|
Nidhog | | 77.4% |
Nidoran | | 1.2% |
Nidorino | | 2.4% |
Big Nidhog | | 8% |
|
|
Bulbasaur | | 74.9% |
Chet Lemon | | 9.7% |
Bulby | | 7.7% |
Leaf Kid | | 7.1% |
|
|
Ratticus | | 74.9% |
Rattica | | 2.7% |
Raticate | | 5.5% |
Nidhog | | 8.3% |
|
|
Charmander | | 74.2% |
Charitail | | 10.5% |
Charizard | | 7.4% |
Charmeloen | | 4.1% |
|
|
Blades | | 74.1% |
Armie | | 2.9% |
Nidhog | | 6.8% |
Sandslash | | 5.6% |
|
|
Charitail | | 73.1% |
Charizard | | 6.6% |
Charmeleon | | 10.3% |
Charmander | | 5.6% |
|
|
Bluebozzy | | 72.3% |
Gloom | | 5.6% |
Bubbly | | 7.6% |
Oddish | | 2.1% |
|
|
6 Tails | | 71.4% |
Vuplix | | 7.9% |
9 Tails | | 7.2% |
Nidhog | | 2.1% |
|
|
Nidhog | | 70.8% |
Nidoran | | 3.8% |
Boy Nidoran | | 4.5% |
Porker | | 10% |
|
|
Cicadis | | 69.6% |
Needle | | 2.2% |
Kakuna | | 8.9% |
Metapod | | 11.7% |
|
|
Pikachu | | 67.9% |
Raichu | | 1.3% |
Picachu | | 18.4% |
Swiggly | | 2.8% |
|
|
Punchy | | 67.3% |
Hitmonchan | | 4% |
Jackie Chan | | 4.2% |
Mike Tyson | | 8.1% |
|
|
Rattica | | 67% |
Rattata | | 16.9% |
Raticate | | 4.1% |
Chet Lemon | | 3.5% |
|
|
Mewtwo | | 66% |
Morpheus | | 7.6% |
Professor X | | 3.5% |
Mew | | 5.3% |
|
|
Nidhog | | 65.4% |
Nidoran | | 4.2% |
Nidoro | | 7.3% |
Girl Nidoran | | 12.2% |
|
|
Chelly | | 65.3% |
Parasect | | 4.7% |
Scarab | | 14.6% |
Paras | | 2.9% |
|
|
Orbok | | 64.7% |
Arbok | | 10.1% |
Dekans | | 4% |
Cobra | | 11.6% |
|
|
Swiggly | | 63.8% |
Puffer | | 16.7% |
Clefable | | 3.9% |
Clefairy | | 4.3% |
|
|
Champswim | | 63.4% |
Seaking | | 6.6% |
Horsey | | 3% |
Goldeen | | 10.2% |
|
|
Diglett | | 63.3% |
Dugtrio | | 2.3% |
1/3rd of a Dugtrio | | 10.1% |
Chrome Dome | | 11.2% |
|
|
Bellhop | | 62.9% |
Weepinbell | | 9.1% |
Bellsprout | | 8.5% |
Upsidedown Flower | | 5.3% |
|
|
Sparicity | | 61.6% |
Pidgey | | 8.9% |
Pidgeot | | 7.6% |
Sparrow | | 13.9% |
|
|
Chet Lemon | | 61.4% |
Bulbasaur | | 8% |
Ivysaur | | 20% |
Big Leaf | | 9.4% |
|
|
Egglets | | 61.4% |
Exeggcute | | 4.5% |
Egger | | 10.3% |
Omelet | | 7.8% |
|
|
Swobert | | 61.3% |
Poliwrath | | 2.2% |
Punchy | | 13.6% |
Swirlow | | 9.1% |
|
|
Magneto | | 61.1% |
Magnemite | | 6.4% |
3rd Grade Science Class | | 3.7% |
Magno | | 14.3% |
|
|
Helix | | 60.1% |
Omanyte | | 4.2% |
Omastar | | 4.5% |
Fossil | | 13.5% |
|
|
Chompy | | 59.9% |
Kingler | | 5.7% |
Crab | | 4.6% |
Crabby | | 13.8% |
|
|
Ratarms | | 59.7% |
Weedwacker | | 10.9% |
Kabutops | | 4.6% |
Coppercanyon | | 7% |
|
|
Needle | | 58.5% |
Weedle | | 12.5% |
Yeetle | | 18.5% |
Feedle | | 3.2% |
|
|
Phoenix | | 58.4% |
Moltres | | 4.2% |
Firebird | | 17.9% |
Dragonite | | 1.8% |
|
|
Donut Holder | | 58.1% |
Hypno | | 13.6% |
Drowzee | | 7.1% |
Sleepy | | 5.4% |
|
|
Spikeybuzz | | 58% |
Zapdos | | 10.8% |
Voltinkus | | 8.2% |
Buzzorb | | 5.2% |
|
|
Boffing | | 58% |
Butterfree | | 13.4% |
Butterfly | | 18.2% |
Zubat | | 3.7% |
|
|
Cubone | | 57.8% |
Cubtwo | | 11.2% |
Marowak | | 4.8% |
Champ | | 10% |
|
|
Pillowocxy | | 57.8% |
Chansey | | 9.6% |
Nurse Joy | | 9.3% |
Clefairy | | 6.7% |
|
|
Gastly | | 57.6% |
Haunter | | 10.9% |
Ghost | | 10.3% |
Toxic Gas | | 5.9% |
|
|
Armie | | 57.6% |
Blades | | 8% |
Sandshrew | | 10% |
Nidhog | | 14.3% |
|
|
Nidhog | | 57.5% |
Nidorina | | 3.3% |
Nidoran | | 2.7% |
Big Nidhog | | 25.6% |
|
|
Horsey | | 57.3% |
Horsea | | 8.5% |
Seaking | | 2.7% |
Dragonfish | | 14.7% |
|
|
Rocklyn | | 57.2% |
Golem | | 6.1% |
Geodude | | 5.9% |
Rock Dude | | 16.5% |
|
|
Blastoise | | 57.1% |
Squirtle | | 8.4% |
Even Bigger Squirt | | 13.9% |
Cannon Man | | 14.7% |
|
|
Scallion | | 57.1% |
Farfetch'd | | 3% |
Leek | | 14.5% |
Farfetched | | 10.8% |
|
|
Double Osty | | 57% |
Doduo | | 10.5% |
Ostritch | | 13.4% |
Dodrio | | 4.5% |
|
|
Sparrow | | 56.6% |
Pidgeotto | | 9.3% |
Pidgey | | 13.9% |
Big Red | | 12.3% |
|
|
Stinkypie | | 56.6% |
Primeape | | 6.4% |
Mankey | | 4% |
Pigman | | 19.8% |
|
|
Pigman | | 56.4% |
Mankey | | 9.9% |
Stinkypie | | 14.3% |
MMA | | 6.2% |
|
|
Sealy | | 56.2% |
Seel | | 11.2% |
Dewgong | | 3.6% |
Sealer | | 14.3% |
|
|
Dugtrio | | 56% |
Diglett | | 2.3% |
3 Digletts | | 19.8% |
Triple Minkus | | 8.7% |
|
|
Jigglypuff | | 55.8% |
Swiggly | | 3.7% |
Jiggles | | 9.1% |
That meme character from Smash bros | | 19.8% |
|
|
Scarab | | 55.8% |
Paras | | 3.5% |
Buzzord | | 15.1% |
Scratchy | | 13.1% |
|
|
Snorlax | | 55.7% |
Sleepy | | 6.1% |
Chungus | | 16% |
Bill Belichick | | 4.3% |
|
|
Palmettos | | 55% |
Exeggutor | | 3.5% |
Eggor | | 8.7% |
Treetor | | 16.6% |
|
|
Ducky | | 54.9% |
Psyduck | | 18.4% |
Golduck | | 6% |
Ryan after reading Twitter | | 7.6% |
|
|
Coppercanyon | | 54.9% |
Kabuto | | 5.1% |
Paras | | 4.3% |
Scarab | | 18% |
|
|
Bulbasaur | | 54.6% |
Venasaur | | 13.4% |
Tree Lord | | 26% |
Chet Lemon | | 3.2% |
|
|
Machio | | 53.6% |
Machop | | 7.5% |
Machamp | | 8.2% |
Ralph | | 16.8% |
|
|
Voltinkus | | 53.6% |
Jolteon | | 6.4% |
Eevee | | 4.8% |
Zaptor | | 17.6% |
|
|
Weedwacker | | 53.6% |
Scyther | | 7.8% |
Blades | | 9.7% |
Mantalor | | 11.8% |
|
|
Pastios | | 53.6% |
Tangela | | 7% |
Viney | | 19.4% |
Gloom | | 3.4% |
|
|
Battok | | 53.4% |
Zubat | | 13.6% |
Gulbat | | 4% |
Batty | | 17.2% |
|
|
Dragonpupper | | 53.2% |
Venonat | | 1.5% |
Buzzord | | 3.8% |
Mothra | | 28.5% |
|
|
Swirlow | | 53.2% |
Poliwhirl | | 3.9% |
Dizzy Stomach | | 10.4% |
Swiggly | | 18.8% |
|
|
Buzzorb | | 51.6% |
Electabuzz | | 8% |
Zap Arms | | 18.5% |
Machio | | 4.7% |
|
|
Machamp | | 51.4% |
Machop | | 9.5% |
Machoke | | 8.9% |
Machio | | 16.2% |
|
|
Picachu | | 51.3% |
Raichu | | 14% |
Pikachu | | 7.1% |
Rychu | | 17.5% |
|
|
Muk | | 51.2% |
Grimer | | 5% |
Minkus | | 15.5% |
Sludge | | 13.2% |
|
|
Floaties | | 51.1% |
Jynx | | 7.4% |
Madam Mime | | 15.8% |
Elsa | | 8.6% |
|
|
Dragonite | | 51.1% |
Aerodactyl | | 12.4% |
Fearow | | 7.4% |
Fossil | | 11.2% |
|
|
Voltorb | | 50.7% |
Electrode | | 8.6% |
Nidhog | | 2.2% |
Poke Ball | | 22.4% |
|
|
Ghastly | | 50.6% |
Cloyster | | 11.3% |
Shelly | | 12.3% |
Shelldor | | 10.6% |
|
|
Buzzord | | 50.5% |
Venonat | | 3.1% |
Fuzzy | | 31.6% |
Chelly | | 2.1% |
|
|
Koffings | | 50.1% |
Weezing | | 6.7% |
Coughers | | 23.3% |
Toxic Gas | | 3.4% |
|
|
Facey | | 50% |
Haunter | | 13.7% |
Gastly | | 10% |
Scary Hands | | 11% |
|
|
Sleepy | | 49.9% |
Drowzee | | 7.1% |
Anteater | | 20.1% |
Hypno | | 7.1% |
|
|
Flameta | | 49.8% |
Arcanine | | 8.9% |
Ponyta | | 4.5% |
Firemane | | 23.5% |
|
|
Catalyst | | 49.2% |
Abra | | 15.8% |
Kadabra | | 2.8% |
Sleepy | | 18.5% |
|
|
Sparrom | | 49.2% |
Sparrow | | 23.9% |
Spearow | | 10.3% |
Sparicity | | 7.5% |
|
|
Porker | | 48.4% |
Nidhog | | 17.3% |
Nidoking | | 3.6% |
Big Nidhog | | 19.7% |
|
|
Ponyta | | 48.1% |
Pony | | 13.4% |
Flameta | | 16.4% |
Flareon | | 7.7% |
|
|
Onyx | | 48.1% |
Onix | | 22.8% |
Rock Bro | | 6.2% |
Rocks on Rocks | | 7.3% |
|
|
Cubtwo | | 47.8% |
Cubone | | 18.9% |
Cubey | | 12.9% |
Marowak | | 4.1% |
|
|
Staryuk | | 47.2% |
Staryu | | 9.2% |
Starmie | | 10.6% |
Starlord | | 16.1% |
|
|
Tauros | | 47.1% |
Grab the Bull by the Horns | | 4.6% |
Bulldor | | 27.8% |
Nidhog | | 3.1% |
|
|
Shelldor | | 46.5% |
Shellder | | 5.3% |
Shelly | | 25.6% |
Tongue Shell | | 7.5% |
|
|
Machop | | 46.5% |
Machamp | | 14.7% |
Machoke | | 17% |
Machio | | 7.8% |
|
|
Crabby | | 46.2% |
Krabby | | 9.1% |
Crab | | 7.3% |
Pinchers | | 21.5% |
|
|
Dekans | | 46.1% |
Ekans | | 20.5% |
Snake Backwards | | 18.4% |
Arbok | | 5.7% |
|
|
Kickboxer | | 46% |
Bruce Lee | | 13.3% |
Hitmonlee | | 6.1% |
Spring Legs | | 18.4% |
|
|
Ponycarriage | | 45.8% |
Rapidash | | 8.5% |
Ponyta | | 3.7% |
Horsicity | | 27.5% |
|
|
Ghastly | | 45.4% |
Gengar | | 17.8% |
Haunter | | 9.7% |
Mike Wazowski | | 11.8% |
|
|
Sludge | | 45.2% |
Grimer | | 6.3% |
Muk | | 18.1% |
Toxicity | | 15.3% |
|
|
Puffer | | 45.1% |
Clefairy | | 6.2% |
Swiggly | | 24.3% |
Jigglypuff | | 13.2% |
|
|
Champmander | | 45% |
Magikarp | | 28.3% |
Red Snapper | | 6.4% |
Gyrados | | 2.9% |
|
|
Rock Bro | | 42.9% |
Geodude | | 18.4% |
Rock Dude | | 18.6% |
Machio without legs | | 5.8% |
|
|
Staryu | | 42.7% |
Gem | | 5.9% |
Starlord | | 24.5% |
Starmie | | 10% |
|
|
Ninetales | | 42.1% |
9 Tails | | 44.3% |
6 Tails | | 1.7% |
Nidhog | | 0.5% |
|
|
Horsey | | 42% |
Seadra | | 4.8% |
Dragonhorse | | 30% |
Horsea | | 6.4% |
|
|
Voltorb | | 41.7% |
Electrode | | 10.4% |
Poke Ball | | 7.5% |
Electorb | | 24.3% |
|
|
Sealy | | 41.3% |
Dewgong | | 4.4% |
Seel | | 9.7% |
Big Sealy | | 29.8% |
|
|
Waterorb | | 41.2% |
Gyrados | | 21.4% |
Champmander | | 5.5% |
Dragonite | | 14.4% |
|
|
Battok | | 40.7% |
Golbat | | 7.9% |
Zubat | | 8% |
Batty | | 31.2% |
|
|
Bellsprout | | 39.4% |
Sprouter | | 23.7% |
Bellhop | | 20.9% |
Nidhog | | 1.8% |
|
|
Bellsprout | | 38.9% |
Victreebel | | 9.3% |
Bellhop | | 11% |
Piranha Plant | | 26.4% |
|
|
Bubbly | | 38.8% |
Oddish | | 6.7% |
Sprouty | | 24.6% |
Minkus Leaf | | 17.5% |
|
Comments